[Event "Rodostosah GM 2019"]
[Site "Tekirdag"]
[Date "2019.02.10"]
[Round "1.1"]
[White "Gokerkan, Cem Kaan"]
[Black "Pikula, Dejan"]
[Result "1/2-1/2"]
[WhiteElo "2423"]
[BlackElo "2477"]
[Annotator "ChessBase"]
[PlyCount "206"]
[EventDate "2019.02.08"]
[EventType "schev"]
[EventCountry "TUR"]
[SourceTitle "playchess.com"]
[Source "ChessBase"]
[SourceQuality "1"]
[TimeControl "5400+30"]

1. e4 {[%emt 0:00:30]} c6 {[%emt 0:00:30]} 2. d4 {[%emt 0:01:30]} d5 {[%emt 0:00:00]} 3. e5 {[%emt 0:00:30]} Bf5 {[%emt 0:00:00]} 4. Nd2 {[%emt 0:00:30]} e6 {[%emt 0:00:30]} 5. Nb3 {[%emt 0:00:30]} c5 {[%emt 0:03:30]} 6. dxc5 {[%emt 0:14:30]} Bxc5 {[%emt 0:01:30]} 7. Nxc5 {[%emt 0:12:30]} Qa5+ {[%emt 0:00:30]} 8. c3 {[%emt 0:00:30]} Qxc5 {[%emt 0:00:00]} 9. Nf3 {[%emt 0:00:30]} Ne7 {[%emt 0:00:00]} 10. Be3 {[%emt 0:12:30]} Qc7 {[%emt 0:00:30]} 11. Bb5+ {[%emt 0:05:30]} Nd7 {[%emt 0:07:30]} 12. Qa4 {[%emt 0:04:30]} a6 {[%emt 0:03:30]} 13. Qa3 {[%emt 0:11:30]} Rc8 {[%emt 0:30:30]} 14. Bxd7+ {[%emt 0:06:30]} Qxd7 {[%emt 0:01:30]} 15. O-O {[%emt 0:04:30]} O-O {[%emt 0:00:30]} 16. Bc5 {[%emt 0:00:30]} Rfe8 {[%emt 0:00:30]} 17. Bxe7 {[%emt 0:00:30]} Rxe7 {[%emt 0:00:30]} 18. Nd4 {[%emt 0:00:30]} Bg6 {[%emt 0:00:30]} 19. Qb3 {[%emt 0:00:30]} Rc5 {[%emt 0:03:30]} 20. Qb6 {[%emt 0:01:34]} Qc7 {[%emt 0:02:30]} 21. Qxc7 {[%emt 0:00:26]} Rexc7 {[%emt 0:00:00]} 22. a4 {[%emt 0:01:21]} b6 {[%emt 0:01:00]} 23. f3 {[%emt 0:01:11]} Kf8 {[%emt 0:01:30]} 24. Kf2 {[%emt 0:00:30]} Ke7 {[%emt 0:00:00]} 25. Rfe1 {[%emt 0:00:51]} Rc4 {[%emt 0:03:00]} 26. Ke3 {[%emt 0:04:05]} Kd7 {[%emt 0:00:30]} 27. Re2 {[%emt 0:06:33]} Rc8 {[%emt 0:00:30]} 28. Kd2 {[%emt 0:00:36]} R8c7 {[%emt 0:00:30]} 29. Ra3 {[%emt 0:04:53]} Rc8 {[%emt 0:00:30]} 30. Ra1 {[%emt 0:02:00]} R8c7 {[%emt 0:00:30]} 31. Ra3 {[%emt 0:00:30]} Rc8 {[%emt 0:00:00]} 32. Re1 {[%emt 0:00:13]} R8c7 {[%emt 0:00:00]} 33. Rb3 {[%emt 0:01:46]} Rb7 {[%emt 0:00:30]} 34. Ra3 {[%emt 0:00:35]} Rbc7 {[%emt 0:00:30]} 35. Re2 {[%emt 0:00:13]} Rc8 {[%emt 0:00:30]} 36. g4 {[%emt 0:00:38]} h5 {[%emt 0:00:30]} 37. g5 {[%emt 0:00:21]} R8c7 {[%emt 0:02:30]} 38. h4 {[%emt 0:00:38]} Rc8 {[%emt 0:00:30]} 39. Rb3 {[%emt 0:00:00]} Kc7 {[%emt 0:04:30]} 40. Ra3 {[%emt 0:01:30]} Kb7 {[%emt 0:00:00]} 41. Ra1 {[%emt 0:00:36]} R8c7 {[%emt 0:01:00]} 42. Ree1 {[%emt 0:00:18]} Rxd4+ {[%emt 0:02:30]} 43. cxd4 {[%emt 0:00:31]} Rc2+ {[%emt 0:00:30]} 44. Ke3 {[%emt 0:00:30]} Rxb2 {[%emt 0:00:30]} 45. Ra3 {[%emt 0:00:00]} a5 {[%emt 0:00:00]} 46. Rc1 {[%emt 0:00:00]} Rb4 {[%emt 0:00:00]} 47. Rcc3 {[%emt 0:00:11]} Bf5 {[%emt 0:01:30]} 48. Rcb3 {[%emt 0:00:27]} Bc2 {[%emt 0:00:30]} 49. Rc3 {[%emt 0:00:59]} Bxa4 {[%emt 0:00:00]} 50. Rc1 {[%emt 0:00:46]} g6 {[%emt 0:00:00]} 51. Rac3 {[%emt 0:00:36]} Rb3 {[%emt 0:00:30]} 52. Kd2 {[%emt 0:00:00]} Rxc3 {[%emt 0:00:30]} 53. Kxc3 {[%emt 0:00:08]} Bd7 {[%emt 0:01:30]} 54. Kb3 {[%emt 0:00:29]} b5 {[%emt 0:00:30]} 55. Rc5 {[%emt 0:01:00]} Kb6 {[%emt 0:00:00]} 56. f4 {[%emt 0:00:35]} Bc6 {[%emt 0:00:00]} 57. Ka3 {[%emt 0:00:00]} Bb7 {[%emt 0:00:30]} 58. Kb3 {[%emt 0:01:07]} Bc6 {[%emt 0:00:30]} 59. Rc1 {[%emt 0:00:48]} b4 {[%emt 0:10:30]} 60. Rc5 {[%emt 0:00:17]} Bd7 {[%emt 0:01:30]} 61. Rc1 {[%emt 0:00:06]} Bc6 {[%emt 0:13:34]} 62. Rc5 {[%emt 0:00:13]} Bb5 {[%emt 0:00:19]} 63. Rc8 {[%emt 0:00:43]} Be2 {[%emt 0:00:04]} 64. Rb8+ {[%emt 0:01:56]} Ka7 {[%emt 0:00:04]} 65. Rf8 {[%emt 0:00:26]} Bd1+ {[%emt 0:00:04]} 66. Ka2 {[%emt 0:00:46]} a4 {[%emt 0:00:30]} 67. Rxf7+ {[%emt 0:00:30]} Kb6 {[%emt 0:00:00]} 68. f5 {[%emt 0:00:00]} exf5 {[%emt 0:01:04]} 69. Rxf5 {[%emt 0:00:21]} Be2 {[%emt 0:01:47]} 70. e6 {[%emt 0:00:40]} Bc4+ {[%emt 0:04:36]} 71. Ka1 {[%emt 0:00:01]} Kc7 {[%emt 0:00:00]} 72. Rf8 {[%emt 0:01:04]} Kd6 {[%emt 0:00:21]} 73. Rb8 {[%emt 0:00:05]} Kxe6 {[%emt 0:01:51]} 74. Rxb4 {[%emt 0:00:01]} Kf5 {[%emt 0:00:00]} 75. Rxa4 {[%emt 0:01:09]} Kg4 {[%emt 0:00:01]} 76. Kb2 {[%emt 0:01:10]} Kxh4 {[%emt 0:00:08]} 77. Kc3 {[%emt 0:00:00]} Kxg5 {[%emt 0:00:06]} 78. Kd2 {[%emt 0:00:18]} Kf4 {[%emt 0:00:06]} 79. Ra8 {[%emt 0:00:43]} g5 {[%emt 0:00:11]} 80. Rf8+ {[%emt 0:00:00]} Kg3 {[%emt 0:00:21]} 81. Rf5 {[%emt 0:00:49]} Kg4 {[%emt 0:00:12]} 82. Rf8 {[%emt 0:00:52]} h4 {[%emt 0:00:58]} 83. Ke3 {[%emt 0:00:05]} Bb3 {[%emt 0:00:55]} 84. Kf2 {[%emt 0:00:13]} Bc2 {[%emt 0:00:00]} 85. Kg2 {[%emt 0:00:52]} Bf5 {[%emt 0:00:00]} 86. Kh2 {[%emt 0:00:49]} Kf4 {[%emt 0:00:00]} 87. Rh8 {[%emt 0:00:00]} Ke4 {[%emt 0:00:28]} 88. Rh5 {[%emt 0:00:00]} Kf4 {[%emt 0:00:32]} 89. Rh6 {[%emt 0:00:18]} Bd3 {[%emt 0:01:22]} 90. Rh8 {[%emt 0:00:15]} Be4 {[%emt 0:00:53]} 91. Rh5 {[%emt 0:00:21]} Bf3 {[%emt 0:00:28]} 92. Rh8 {[%emt 0:00:55]} Ke3 {[%emt 0:00:07]} 93. Kh3 {[%emt 0:00:26]} Kxd4 {[%emt 0:03:50]} 94. Rg8 {[%emt 0:00:02]} g4+ {[%emt 0:00:18]} 95. Kxh4 {[%emt 0:00:30]} Ke3 {[%emt 0:00:30]} 96. Kg3 {[%emt 0:00:00]} d4 {[%emt 0:00:00]} 97. Re8+ {[%emt 0:00:11]} Kd2 {[%emt 0:00:00]} 98. Kf2 {[%emt 0:00:16]} d3 {[%emt 0:00:00]} 99. Rc8 {[%emt 0:00:38]} Bb7 {[%emt 0:00:40]} 100. Rc4 {[%emt 0:00:29]} Bf3 {[%emt 0:01:09]} 101. Rc8 {[%emt 0:00:11]} Be2 {[%emt 0:00:02]} 102. Rc7 {[%emt 0:00:34]} Bd1 {[%emt 0:00:22]} 103. Rc4 {[%emt 0:00:25]} Bf3 {[%emt 0:01:33]} 1/2-1/2

[Event "Rodostosah GM 2019"]
[Site "Tekirdag"]
[Date "2019.02.10"]
[Round "1.2"]
[White "Kamer, Kayra"]
[Black "Stankovic, Milos"]
[Result "0-1"]
[WhiteElo "2419"]
[BlackElo "2453"]
[Annotator "ChessBase"]
[PlyCount "56"]
[EventDate "2019.02.08"]
[EventType "schev"]
[EventCountry "TUR"]
[SourceTitle "playchess.com"]
[Source "ChessBase"]
[SourceQuality "1"]
[TimeControl "5400+30"]

1. c4 {[%emt 0:00:30]} e5 {[%emt 0:00:30]} 2. a3 {[%emt 0:00:30]} d6 {[%emt 0:11:30]} 3. e3 {[%emt 0:01:30]} g6 {[%emt 0:01:30]} 4. b4 {[%emt 0:00:30]} Bg7 {[%emt 0:00:30]} 5. Bb2 {[%emt 0:00:30]} Ne7 {[%emt 0:00:30]} 6. d4 {[%emt 0:00:00]} O-O {[%emt 0:02:30]} 7. Nf3 {[%emt 0:09:00]} Nd7 {[%emt 0:02:30]} 8. Be2 {[%emt 0:01:30]} c5 {[%emt 0:14:30]} 9. dxc5 {[%emt 0:02:30]} dxc5 {[%emt 0:01:30]} 10. Nc3 {[%emt 0:00:30]} a5 {[%emt 0:07:30]} 11. b5 {[%emt 0:04:30]} Nb6 {[%emt 0:03:30]} 12. Ne4 {[%emt 0:04:30]} Qc7 {[%emt 0:01:30]} 13. Qd6 {[%emt 0:00:30]} Qxd6 {[%emt 0:01:30]} 14. Nxd6 {[%emt 0:00:30]} f6 {[%emt 0:00:00]} 15. O-O-O {[%emt 0:01:30]} Rd8 {[%emt 0:07:00]} 16. Ne4 {[%emt 0:04:30]} Bf5 {[%emt 0:03:30]} 17. Nxc5 {[%emt 0:01:30]} Rdc8 {[%emt 0:05:30]} 18. Nxb7 {[%emt 0:36:30]} Nxc4 {[%emt 0:02:30]} 19. Rd8+ {[%emt 0:00:30]} Bf8 {[%emt 0:01:30]} 20. Bc3 {[%emt 0:02:30]} Nxa3 {[%emt 0:09:30]} 21. Rxc8 {[%emt 0:05:30]} Rxc8 {[%emt 0:00:30]} 22. Kb2 {[%emt 0:02:09]} Nd5 {[%emt 0:00:30]} 23. Rc1 {[%emt 0:04:16]} Nb1 {[%emt 0:00:30]} 24. Rxb1 {[%emt 0:01:02]} Nxc3 {[%emt 0:01:40]} 25. Re1 {[%emt 0:02:16]} Bb4 {[%emt 0:00:34]} 26. Bd1 {[%emt 0:04:53]} a4 {[%emt 0:00:56]} 27. Nh4 {[%emt 0:01:11]} Be6 {[%emt 0:00:39]} 28. Ka1 {[%emt 0:01:10]} Nxb5 {[%emt 0:02:14]} 0-1

[Event "Rodostosah GM 2019"]
[Site "Tekirdag"]
[Date "2019.02.10"]
[Round "1.3"]
[White "Ozen, Deniz"]
[Black "Lajthajm, Borko"]
[Result "0-1"]
[WhiteElo "2410"]
[BlackElo "2431"]
[Annotator "NA"]
[PlyCount "164"]
[EventDate "2019.02.08"]
[EventType "schev"]
[EventCountry "TUR"]
[SourceTitle "playchess.com"]
[Source "ChessBase"]
[SourceQuality "1"]
[TimeControl "5400+30"]

1. d4 {[%emt 0:00:30]} Nf6 {[%emt 0:00:30]} 2. Bf4 {[%emt 0:00:30]} d6 {[%emt 0:00:00]} 3. Nc3 {[%emt 0:00:00]} Nbd7 {[%emt 0:01:00]} 4. Nf3 {[%emt 0:00:00]} c6 {[%emt 0:02:30]} 5. e4 {[%emt 0:01:30]} Qa5 {[%emt 0:00:30]} 6. e5 {[%emt 0:03:30]} Ne4 {[%emt 0:00:30]} 7. exd6 {[%emt 0:11:30]} Nxc3 {[%emt 0:05:30]} 8. bxc3 {[%emt 0:01:30]} exd6 {[%emt 0:01:30]} 9. Bd3 {[%emt 0:01:30]} Be7 {[%emt 0:01:30]} 10. O-O {[%emt 0:00:30]} Nf6 {[%emt 0:05:30]} 11. Re1 {[%emt 0:02:30]} Qd8 {[%emt 0:00:30]} 12. Qe2 {[%emt 0:03:30]} h6 {[%emt 0:17:30]} 13. Rab1 {[%emt 0:03:30]} Nd5 {[%emt 0:08:30]} 14. Bd2 {[%emt 0:00:30]} Nc7 {[%emt 0:06:30]} 15. c4 {[%emt 0:04:30]} Kf8 {[%emt 0:02:30]} 16. h3 {[%emt 0:04:30]} Bf6 {[%emt 0:00:30]} 17. Bf4 {[%emt 0:00:30]} g6 {[%emt 0:00:30]} 18. c3 {[%emt 0:00:30]} Kg7 {[%emt 0:00:30]} 19. Bh2 {[%emt 0:14:30]} b6 {[%emt 0:08:30]} 20. Nd2 {[%emt 0:04:30]} Re8 {[%emt 0:07:30]} 21. Qf3 {[%emt 0:01:30]} Rxe1+ {[%emt 0:01:30]} 22. Rxe1 {[%emt 0:00:00]} d5 {[%emt 0:00:30]} 23. cxd5 {[%emt 0:07:00]} cxd5 {[%emt 0:00:00]} 24. Bc4 {[%emt 0:04:30]} Bf5 {[%emt 0:06:00]} 25. Bxc7 {[%emt 0:03:30]} Qxc7 {[%emt 0:00:30]} 26. Bxd5 {[%emt 0:00:00]} Rc8 {[%emt 0:01:30]} 27. Bb7 {[%emt 0:06:00]} Rd8 {[%emt 0:01:31]} 28. Be4 {[%emt 0:00:30]} Be6 {[%emt 0:01:21]} 29. Bb1 {[%emt 0:00:30]} Bg5 {[%emt 0:01:54]} 30. Ne4 {[%emt 0:07:46]} Bd5 {[%emt 0:00:26]} 31. Qd1 {[%emt 0:07:22]} Bxe4 {[%emt 0:02:48]} 32. Bxe4 {[%emt 0:01:00]} Qxc3 {[%emt 0:00:09]} 33. d5 {[%emt 0:00:14]} Qa5 {[%emt 0:02:00]} 34. Re2 {[%emt 0:01:43]} Rc8 {[%emt 0:01:38]} 35. Qd4+ {[%emt 0:02:22]} Bf6 {[%emt 0:00:08]} 36. Qd2 {[%emt 0:00:00]} Qa3 {[%emt 0:00:33]} 37. g3 {[%emt 0:00:22]} Rc4 {[%emt 0:00:38]} 38. Kg2 {[%emt 0:00:40]} Qc5 {[%emt 0:02:24]} 39. Bf3 {[%emt 0:00:58]} b5 {[%emt 0:00:12]} 40. Qd3 {[%emt 0:01:09]} a5 {[%emt 0:00:32]} 41. Rd2 {[%emt 0:00:21]} b4 {[%emt 0:01:34]} 42. Qe2 {[%emt 0:02:08]} Bg5 {[%emt 0:02:10]} 43. Rb2 {[%emt 0:00:01]} a4 {[%emt 0:00:18]} 44. h4 {[%emt 0:00:44]} Bf6 {[%emt 0:00:39]} 45. Rd2 {[%emt 0:00:08]} b3 {[%emt 0:00:01]} 46. axb3 {[%emt 0:00:00]} axb3 {[%emt 0:00:07]} 47. d6 {[%emt 0:00:18]} b2 {[%emt 0:00:47]} 48. Rxb2 {[%emt 0:00:07]} Bxb2 {[%emt 0:00:12]} 49. Qxb2+ {[%emt 0:00:30]} Qd4 {[%emt 0:00:00]} 50. Qe2 {[%emt 0:00:18]} Rb4 {[%emt 0:00:00]} 51. d7 {[%emt 0:00:52]} Qxd7 {[%emt 0:00:42]} 52. Qe5+ {[%emt 0:00:04]} Kg8 {[%emt 0:00:21]} 53. h5 {[%emt 0:00:10]} Rb5 {[%emt 0:01:45]} 54. Qa1 {[%emt 0:01:08]} Kh7 {[%emt 0:01:15]} 55. hxg6+ {[%emt 0:00:30]} fxg6 {[%emt 0:00:00]} 56. Qa6 {[%emt 0:00:00]} Rb2 {[%emt 0:00:21]} 57. Qf6 {[%emt 0:00:18]} Qg7 {[%emt 0:00:16]} 58. Qe6 {[%emt 0:00:10]} Rb8 {[%emt 0:00:40]} 59. Qe4 {[%emt 0:00:24]} Rf8 {[%emt 0:00:16]} 60. Qd3 {[%emt 0:00:48]} Qf6 {[%emt 0:00:07]} 61. Qe3 {[%emt 0:00:13]} h5 {[%emt 0:00:14]} 62. Qe4 {[%emt 0:00:00]} Kg7 {[%emt 0:00:07]} 63. Qe3 {[%emt 0:00:45]} Rf7 {[%emt 0:00:15]} 64. Qe4 {[%emt 0:00:12]} Re7 {[%emt 0:00:20]} 65. Qc4 {[%emt 0:00:20]} Rd7 {[%emt 0:00:49]} 66. Qe4 {[%emt 0:00:12]} Qd4 {[%emt 0:00:37]} 67. Qe6 {[%emt 0:00:14]} Rf7 {[%emt 0:00:17]} 68. Qe2 {[%emt 0:00:27]} h4 {[%emt 0:02:16]} 69. gxh4 {[%emt 0:00:30]} Qxh4 {[%emt 0:00:00]} 70. Qe5+ {[%emt 0:01:13]} Qf6 {[%emt 0:00:00]} 71. Qxf6+ {[%emt 0:02:47]} Kxf6 {[%emt 0:00:00]} 72. Kg3 {[%emt 0:00:15]} Rc7 {[%emt 0:00:08]} 73. Be4 {[%emt 0:00:10]} Rc1 {[%emt 0:00:14]} 74. f3 {[%emt 0:00:07]} Ke5 {[%emt 0:00:20]} 75. Bb7 {[%emt 0:00:28]} g5 {[%emt 0:01:13]} 76. Ba8 {[%emt 0:00:12]} Rg1+ {[%emt 0:00:08]} 77. Kf2 {[%emt 0:00:08]} Ra1 {[%emt 0:00:00]} 78. Be4 {[%emt 0:00:50]} Kf4 {[%emt 0:00:00]} 79. Bd5 {[%emt 0:00:14]} Rb1 {[%emt 0:00:00]} 80. Bc6 {[%emt 0:00:00]} Rb2+ {[%emt 0:00:32]} 81. Kg1 {[%emt 0:00:11]} Kg3 {[%emt 0:00:06]} 82. Kf1 {[%emt 0:00:30]} Rf2+ 0-1

[Event "Rodostosah GM 2019"]
[Site "Tekirdag"]
[Date "2019.02.10"]
[Round "1.4"]
[White "Can, Isik"]
[Black "Bajarani, Ulvi"]
[Result "0-1"]
[WhiteElo "2382"]
[BlackElo "2420"]
[Annotator "TA"]
[PlyCount "168"]
[EventDate "2019.02.08"]
[EventType "schev"]
[EventCountry "TUR"]
[SourceTitle "playchess.com"]
[Source "ChessBase"]
[SourceQuality "1"]

{[%evp 20,168,28,28,28,28,25,30,21,31,31,27,22,18,31,25,20,23,25,-7,0,-50,-29,-20,-38,-37,-27,-25,-21,-34,-33,-25,-28,-30,-40,-35,15,7,5,11,7,8,18,0,0,-2,0,-6,0,0,0,0,0,0,0,0,0,0,-11,-11,-11,-11,-11,-11,-11,-45,0,0,0,0,0,0,0,0,0,0,0,-11,-11,-11,-7,-11,-7,-7,0,0,0,-25,-25,-26,-25,-41,-47,-41,-16,-16,-16,-16,-8,-93,-16,-16,-16,-16,-16,-16,0,0,0,0,0,0,0,0,-8,-8,0,0,0,-8,-8,-103,-99,-122,-122,-122,-122,-122,-122,-122,-122,-505,-217,-584,-584,-584,-584,-797,-714,-620,-620,-620,-605,-29971,-29970,-29967,-29965,-29986,-29987,-29987,-29988]} 1. e4 e6 2. d4 d5 3. Nc3 Bb4 4. e5 c5 5. a3 Bxc3+ 6. bxc3 Ne7 7. Qg4 Qc7 8. Bd3 cxd4 9. Ne2 dxc3 10. Qxg7 Rg8 11. Qxh7 Qxe5 {C18: French: 3 Nc3 Bb4: Main line: 7 h4 and 7 Qg4} (11... Nd7 12. Bf4 Nc5 13. O-O Bd7 14. Bg3 Nxd3 15. cxd3 c2 16. Rac1 Ba4 17. Nf4 Qxe5 18. Nxe6 Rxg3 19. Rfe1 {1-0 (41) Xiong,J (2672)-Hevia Alejano,C (2476) Burlingame 2019}) 12. h4 Nd7 {Strongly threatening ...Rh8.} 13. Bf4 Qf6 {Threatens to win with ...Rh8.White has an edge.} 14. Bg5 Qh8 15. Qxh8 Rxh8 16. Nxc3 a6 17. Rb1 f6 18. Bd2 Kf7 19. g3 $146 ({Predecessor:} 19. f3 Nc6 20. Kf2 Nc5 21. g4 {½-½ (43) Resika,N (2203)-Macsik,T (2188) Paks 2001}) 19... Nc5 20. O-O (20. Rb6 {with more complications.} e5 21. f3 Bd7 22. h5 Bc6 23. g4) 20... Bd7 (20... e5 {keeps more tension.} 21. a4 Be6 22. f3 Rab8 23. Kf2 f5) 21. Be3 Nxd3 22. cxd3 Bc6 23. Ne2 Nf5 24. Nd4 Nxd4 25. Bxd4 Rag8 {Hoping for ...Rxh4.} 26. Kh2 e5 27. Bc5 Rc8 28. d4 $1 Bb5 29. Rfe1 e4 30. a4 Bc6 31. a5 Bb5 32. Rb3 Kg6 33. Rc3 f5 34. Rec1 Rhe8 35. Bd6 Rxc3 36. Rxc3 $11 {[%mdl 4096] Endgame KRB-KRB} Re6 37. Bc7 Bc4 38. Bd8 Kh5 39. Rc2 Rd6 40. Be7 Rc6 41. Rb2 Bb5 42. Bc5 Kg4 (42... f4 $5) 43. Rb3 Kh5 44. Kh3 Re6 45. Kh2 Kg6 46. Kh3 Kh5 47. Kh2 Re8 48. Bd6 Rd8 49. Be7 Rg8 50. Rb2 Re8 51. Bc5 e3 52. fxe3 Rxe3 53. Rf2 Bd3 54. Bd6 Re1 55. g4+ {[%mdl 64] Decoy} Kxg4 56. Rg2+ $1 Kf3 {And now ...f4 would win.} 57. Rg3+ $1 Ke4 58. h5 {h6 is the strong threat.} f4 {[#]} 59. Rg4 {[#]} (59. Bxf4 $1 $11 {[%mdl 512]} Kxf4 60. Rxd3) 59... Kxd4 (59... Rf1 $1 $17 {With the idea ...Ke3.} 60. Rg1 Rf2+ 61. Rg2 Rf1) 60. Bxf4 Be4 {Black wants to play ...Rh1+.} 61. Rg1 Re2+ 62. Kg3 Kc3 63. h6 Kb4 64. Rc1 Kxa5 65. Rc7 b5 {[%cal Bb7b5,Bb5b4][%mdl 32]} 66. h7 Bxh7 $1 67. Rxh7 {KRB-KR} Kb4 68. Kf3 Re6 69. Rd7 Kc4 70. Be3 (70. Bd2 $11 {remains equal.}) 70... b4 {[%mdl 1024] Black has strong compensation.} 71. Ke2 a5 {[%cal Ba6a5,Ba5a4,Ba4a3,Ba3a2][%mdl 32]} 72. Rc7+ {[#]} Kb3 $1 {aiming for ...d4.} 73. Kd3 a4 74. Bd4 Rh6 75. Rc5 $2 {[%mdl 8192]} (75. Be5 $17 {is tougher.}) 75... Rh5 (75... a3 $142 76. Bg7 Rh1) 76. Rc1 $2 (76. Ra5) 76... Rh3+ $19 77. Kd2 a3 78. Bc5 {If White can now play Rb1+ this consolidates a bit.} a2 79. Bd4 Rh2+ 80. Kd3 {[#]} Rb2 $1 {[%mdl 512]} 81. Ra1 (81. Bxb2 Kxb2) 81... Rb1 {Black mates.} 82. Kd2 Ka3 83. Kd3 Rxa1 84. Bxa1 b3 {Accuracy: White = 55%, Black = 63%.} 0-1

[Event "Rodostosah GM 2019"]
[Site "Tekirdag"]
[Date "2019.02.10"]
[Round "1.5"]
[White "Ozenir, Ekin Baris"]
[Black "Annageldyev, Orazly"]
[Result "0-1"]
[WhiteElo "2262"]
[BlackElo "2377"]
[Annotator "NA"]
[PlyCount "104"]
[EventDate "2019.02.08"]
[EventType "schev"]
[EventCountry "TUR"]
[SourceTitle "playchess.com"]
[Source "ChessBase"]
[SourceQuality "1"]
[TimeControl "5400+30"]

1. d4 {[%emt 0:00:30]} Nf6 {[%emt 0:00:30]} 2. Bg5 {[%emt 0:00:30]} d5 {[%emt 0:00:30]} 3. Bxf6 {[%emt 0:00:30]} exf6 {[%emt 0:00:00]} 4. e3 {[%emt 0:00:30]} c6 {[%emt 0:00:00]} 5. Nd2 {[%emt 0:01:30]} g6 {[%emt 0:00:30]} 6. c4 {[%emt 0:00:30]} Bg7 {[%emt 0:01:30]} 7. Ne2 {[%emt 0:03:30]} dxc4 {[%emt 0:05:30]} 8. Nxc4 {[%emt 0:03:30]} O-O {[%emt 0:06:30]} 9. Nf4 {[%emt 0:06:30]} f5 {[%emt 0:09:30]} 10. h4 {[%emt 0:18:30]} c5 {[%emt 0:11:30]} 11. dxc5 {[%emt 0:11:30]} Na6 {[%emt 0:05:30]} 12. h5 {[%emt 0:05:30]} Qxd1+ {[%emt 0:00:30]} 13. Rxd1 {[%emt 0:00:30]} Nxc5 {[%emt 0:06:30]} 14. hxg6 {[%emt 0:15:30]} fxg6 {[%emt 0:04:30]} 15. Rc1 {[%emt 0:21:53]} b6 {[%emt 0:18:30]} 16. Nd5 {[%emt 0:04:38]} h6 {[%emt 0:05:30]} 17. b4 {[%emt 0:01:39]} Ne4 {[%emt 0:01:30]} 18. f3 {[%emt 0:01:11]} Ng3 {[%emt 0:00:30]} 19. Rg1 {[%emt 0:00:33]} Nxf1 {[%emt 0:02:07]} 20. Rxf1 {[%emt 0:00:15]} Bb7 {[%emt 0:02:29]} 21. Nc7 {[%emt 0:00:46]} Rac8 {[%emt 0:00:52]} 22. Nb5 {[%emt 0:00:32]} Bd5 {[%emt 0:05:30]} 23. Nbd6 {[%emt 0:00:30]} b5 {[%emt 0:00:24]} 24. Nxc8 {[%emt 0:01:00]} Rxc8 {[%emt 0:00:09]} 25. Kf2 {[%emt 0:00:01]} Rxc4 {[%emt 0:01:14]} 26. Rcd1 {[%emt 0:00:30]} Be6 {[%emt 0:01:46]} 27. a3 {[%emt 0:00:29]} Kf7 {[%emt 0:01:44]} 28. Rd6 {[%emt 0:00:30]} Rc2+ {[%emt 0:02:00]} 29. Kg1 {[%emt 0:00:07]} Rc7 {[%emt 0:00:00]} 30. Rfd1 {[%emt 0:00:45]} Bb2 {[%emt 0:00:36]} 31. Ra6 {[%emt 0:00:35]} Bc8 {[%emt 0:00:39]} 32. Rad6 {[%emt 0:00:34]} Bxa3 {[%emt 0:00:26]} 33. Rb1 {[%emt 0:00:31]} a5 {[%emt 0:00:41]} 34. Rb6 {[%emt 0:00:30]} axb4 {[%emt 0:00:43]} 35. Rxb5 {[%emt 0:00:29]} Be6 {[%emt 0:00:31]} 36. Rb6 {[%emt 0:00:30]} Ba2 {[%emt 0:00:38]} 37. R1xb4 {[%emt 0:00:54]} Bxb4 {[%emt 0:00:30]} 38. Rxb4 {[%emt 0:00:00]} Bc4 {[%emt 0:00:30]} 39. Rb6 {[%emt 0:00:36]} Ra7 {[%emt 0:00:23]} 40. Rb4 {[%emt 0:00:30]} Ra1+ {[%emt 0:00:13]} 41. Kf2 {[%emt 0:00:59]} Ra2+ {[%emt 0:00:12]} 42. Kg1 {[%emt 0:00:00]} Be6 {[%emt 0:00:11]} 43. e4 {[%emt 0:00:32]} f4 {[%emt 0:01:05]} 44. Rb7+ {[%emt 0:00:27]} Kf6 {[%emt 0:00:35]} 45. Rb6 {[%emt 0:00:15]} h5 {[%emt 0:00:00]} 46. Rd6 {[%emt 0:00:47]} Ra1+ {[%emt 0:00:11]} 47. Kf2 {[%emt 0:00:31]} Ke5 {[%emt 0:00:11]} 48. Rd8 {[%emt 0:00:30]} Bc4 {[%emt 0:00:42]} 49. Re8+ {[%emt 0:00:26]} Kf6 {[%emt 0:00:42]} 50. g3 {[%emt 0:00:34]} Ra2+ {[%emt 0:00:35]} 51. Kg1 {[%emt 0:00:07]} fxg3 {[%emt 0:00:00]} 52. Rc8 {[%emt 0:00:17]} Be6 {[%emt 0:00:19]} 0-1